Score 0/5 Timer 03:00
0 Plays Today
Question Answer Wrong Answers
The goat-like creature known as Krampus forms a duo with who? St. Nicholas
60.5%
Satan
22.1%
Ares (God of War)
7%
Aphrodite (Goddess of Beauty)
3.5%
Engalap was a deity that was worshipped where? Caroline Islands
43%
India
18.6%
Hawaii
24.4%
Greece
9.3%
Large flying foxes (Pteropus vampyrus) are among the largest bats in the world, with a wingspan of almost... 5 feet (1.5 m)
41.9%
3 feet (0.9 m)
14%
7 feet (2.1 m)
26.7%
9 feet (2.7 m)
17.4%
The Nipah outbreak of 1998 was spread through which of the following? Bats
39.5%
Ticks
22.1%
Mosquitoes
26.7%
Opossums
11.6%
The stretch of water known as the Kotzebue Sound is located near which of the following? Alaska
38.4%
Nepal
29.1%
Florida
8.1%
Greece
20.9%
Remove Ads.
Support Sporcle.
Get the best of Sporcle when you Go Orange. This ad-free experience offers more features, more stats, and more fun while also helping to support Sporcle. Thank you for becoming a member.

You're not logged in!

Compare scores with friends on all Sporcle quizzes.
OR
Log In

Show Comments

Extras

Created Dec 13, 2018ReportNominate
Tags:bit, Everything, little, Trivia

Top Quizzes Today


Score Distribution

Your Account Isn't Verified!

In order to create a playlist on Sporcle, you need to verify the email address you used during registration. Go to your Sporcle Settings to finish the process.

Report this User

Report this user for behavior that violates our Community Guidelines.

Details: